[Event "Women's National Chess Championship 2015"]
[Site "SLIIT,Malambe"]
[Date "2015.07.11"]
[Round "10"]
[Board "5"]
[White "Gamage, Nethmi Nirasha"]
[Black "De Silva, Chamindra"]
[Result "0-1"]
[WhiteElo "1580"]
[BlackElo "1544"]
[PlyCount "154"]
[EventDate "2015.07.04"]
[EventRounds "13"]
[EventCountry "SRI"]

1. d4 Nf6 2. c4 e6 3. g3 d5 4. Nf3 c6 5. Bg2 Bd6 6. O-O Nbd7 7. Qc2 O-O 8. Nbd2
Bc7 9. e4 e5 10. b3 dxe4 11. Nxe4 Nxe4 12. Qxe4 Nf6 13. Qe3 exd4 14. Nxd4 Re8
15. Qd3 c5 16. Rd1 Qxd4 17. Qxd4 cxd4 18. Bb2 Bb6 19. Rab1 Bc5 20. Bxd4 Bxd4
21. Rxd4 Rb8 22. Rbd1 Bg4 23. f3 Bf5 24. g4 Be6 25. h3 g6 26. f4 b6 27. Rd6 Kg7
28. Bf3 Re7 29. Bc6 Ne8 30. R6d4 Rc7 31. Bg2 Nf6 32. f5 gxf5 33. gxf5 Bxf5 34.
Rf1 Be6 35. Rdf4 Ne8 36. Be4 Bxh3 37. R1f3 Be6 38. Rg3+ Kf8 39. Bxh7 Ng7 40.
Re3 Rd8 41. Rf2 Rcd7 42. Ree2 Rd4 43. Bc2 Bg4 44. Re1 Rd2 45. Ref1 Rxf2 46.
Rxf2 Re8 47. Bd3 Re5 48. Kg2 Nf5 49. Kh2 Nd6 50. Rg2 Be6 51. Re2 Rxe2+ 52. Bxe2
a5 53. Kg3 a4 54. Kf4 axb3 55. axb3 f6 56. Ke3 Ke7 57. Kd3 Nf5 58. Kc3 Kd6 59.
Kd3 Kc5 60. Kc3 Ne3 61. Kd3 Nxc4 62. Kc3 Ne5 63. b4+ Kd6 64. Kd4 Nc6+ 65. Kc3
f5 66. Bd3 f4 67. b5 Ne5 68. Bf1 Kc5 69. Be2 Bc4 70. Bd1 Bxb5 71. Kd2 Kd4 72.
Ke1 Ke3 73. Bh5 f3 74. Bxf3 Nxf3+ 75. Kd1 Kd3 76. Kc1 Kc3 77. Kb1 Bc4 0-1

[Event "Women's National Chess Championship 2015"]
[Site "SLIIT,Malambe"]
[Date "2015.07.11"]
[Round "10"]
[Board "6"]
[White "Peiris, H Pevinya"]
[Black "Abeysinghe, H M H Janandani"]
[Result "1-0"]
[WhiteElo "1607"]
[BlackElo "1519"]
[PlyCount "85"]
[EventDate "2015.07.04"]
[EventRounds "13"]
[EventCountry "SRI"]

1. e4 c5 2. Nf3 d6 3. c3 Nc6 4. d4 cxd4 5. cxd4 Nf6 6. Nc3 g6 7. Be2 Bg7 8. a3
Bd7 9. O-O O-O 10. h3 a6 11. Be3 Rc8 12. Rc1 Na5 13. Re1 b5 14. e5 Ne8 15. Nd5
Bc6 16. Nb4 Bxf3 17. Bxf3 dxe5 18. Rxc8 Qxc8 19. dxe5 Nc4 20. Bd4 Nc7 21. Nc6
Re8 22. b3 Nxa3 23. Bc5 b4 24. Bxb4 Nab5 25. Nxe7+ Rxe7 26. Bxe7 Qe8 27. Bd6
Bf8 28. Bg4 Qd8 29. Bxf8 Qxf8 30. e6 f5 31. e7 Qe8 32. Bf3 Kg7 33. Qd8 Kf6 34.
Bb7 Kf7 35. Bc8 Kg7 36. Bd7 Qf7 37. e8=Q Nxe8 38. Bxe8 Qxb3 39. Bxb5 Qxb5 40.
Re7+ Kh6 41. Qd2+ g5 42. Qd6+ Kh5 43. Rxh7# 1-0

[Event "Women's National Chess Championship 2015"]
[Site "SLIIT,Malambe"]
[Date "2015.07.12"]
[Round "11"]
[Board "1"]
[White "Saumy, Zainab"]
[Black "Kodikara, K K M Sachintha"]
[Result "1-0"]
[WhiteElo "1570"]
[BlackElo "1505"]
[PlyCount "105"]
[EventDate "2015.07.04"]
[EventRounds "13"]
[EventCountry "SRI"]

1. e4 e6 2. d4 d5 3. Nc3 c6 4. Bd3 g6 5. e5 Bg7 6. h4 Ne7 7. h5 Rg8 8. g4 c5 9.
Nb5 cxd4 10. Nd6+ Kd7 11. Bb5+ Nbc6 12. Qxd4 a6 13. Qa4 Rb8 14. Bxc6+ Nxc6 15.
Nxf7 Qf8 16. Qf4 Qb4+ 17. Qxb4 Nxb4 18. Kd1 Rf8 19. hxg6 hxg6 20. Ng5 Bxe5 21.
Rh7+ Ke8 22. N1f3 Bf6 23. Be3 Nc6 24. Bc5 Rh8 25. c3 Bd7 26. Ke2 Rxh7 27. Nxh7
Be7 28. Be3 Kf7 29. Nhg5+ Kg7 30. Rd1 Rc8 31. c4 d4 32. Nxd4 Nxd4+ 33. Rxd4 Rc7
34. Bf4 Bf6 35. Re4 Rc6 36. b4 b6 37. Nf3 Rc8 38. g5 Bc3 39. a3 Bc6 40. Be5+
Kf7 41. Rf4+ Ke7 42. Bxc3 Bxf3+ 43. Kxf3 b5 44. c5 Rf8 45. Rxf8 Kxf8 46. Ke4
Kf7 47. Bf6 Ke8 48. c6 e5 49. Kxe5 Kf7 50. c7 a5 51. c8=Q axb4 52. Qd7+ Kg8 53.
Qg7# 1-0

[Event "Women's National Chess Championship 2015"]
[Site "SLIIT,Malambe"]
[Date "2015.07.12"]
[Round "11"]
[Board "2"]
[White "Abeysinghe, H M H Janandani"]
[Black "Rajapaksa, Miyuni Kavinya"]
[Result "1-0"]
[WhiteElo "1519"]
[BlackElo "1591"]
[PlyCount "33"]
[EventDate "2015.07.04"]
[EventRounds "13"]
[EventCountry "SRI"]

1. e4 c5 2. Nf3 Nc6 3. d4 cxd4 4. Nxd4 g6 5. Be3 Bg7 6. Nc3 Nf6 7. Bc4 Qa5 8.
Nb3 Qb4 9. Bd3 Nxe4 10. Bxe4 Bxc3+ 11. bxc3 Qxe4 12. O-O O-O 13. Re1 Qc4 14.
Bh6 Re8 15. Qf3 d5 16. Qf6 Qf1+ 17. Kxf1 1-0

[Event "Women's National Chess Championship 2015"]
[Site "SLIIT,Malambe"]
[Date "2015.07.12"]
[Round "11"]
[Board "3"]
[White "De Silva, Chamindra"]
[Black "Peiris, H Pevinya"]
[Result "1/2-1/2"]
[WhiteElo "1544"]
[BlackElo "1607"]
[PlyCount "62"]
[EventDate "2015.07.04"]
[EventRounds "13"]
[EventCountry "SRI"]

1. e4 d6 2. d4 g6 3. h3 Bg7 4. Nf3 c6 5. Bc4 b5 6. Bd3 Bb7 7. O-O Nd7 8. Re1
Rc8 9. a3 a6 10. Nc3 c5 11. dxc5 Bxc3 12. bxc3 Nxc5 13. Qe2 Nf6 14. e5 Bxf3 15.
Qxf3 dxe5 16. Rxe5 O-O 17. Bg5 Nxd3 18. cxd3 Rxc3 19. Bxf6 exf6 20. Re3 Qd6 21.
Qe4 Rxa3 22. Rxa3 Qxa3 23. Qf3 Qd6 24. Re4 b4 25. Qf4 Qxf4 26. Rxf4 Rb8 27.
Rxf6 b3 28. Rxa6 b2 29. d4 Rd8 30. Rb6 Rxd4 31. Rxb2 Kg7 1/2-1/2

[Event "Women's National Chess Championship 2015"]
[Site "SLIIT,Malambe"]
[Date "2015.07.12"]
[Round "11"]
[Board "4"]
[White "Wickramasinghe, Dilhara Ishini"]
[Black "Gamage, Nethmi Nirasha"]
[Result "1/2-1/2"]
[WhiteElo "1674"]
[BlackElo "1580"]
[PlyCount "68"]
[EventDate "2015.07.04"]
[EventRounds "13"]
[EventCountry "SRI"]

1. d4 Nf6 2. c4 e6 3. Nc3 d5 4. Nf3 c6 5. e3 Nbd7 6. Bd3 dxc4 7. Bxc4 b5 8. Bd3
a6 9. e4 c5 10. e5 cxd4 11. Nxb5 axb5 12. exf6 Bb4+ 13. Bd2 Bxd2+ 14. Qxd2 Qxf6
15. Bxb5 e5 16. O-O O-O 17. Rfe1 Qd6 18. Bxd7 Bxd7 19. Rxe5 d3 20. Re3 Bb5 21.
a4 Rxa4 22. Rxa4 Bxa4 23. Rxd3 Qb6 24. b4 h6 25. h3 Rb8 26. Rd4 Rc8 27. Rd6 Qc7
28. Rd3 Qb6 29. Nd4 Rb8 30. Nf3 Qxb4 31. Rd8+ Kh7 32. Qd3+ g6 33. Rxb8 Qxb8 34.
Qe4 Qb3 1/2-1/2

[Event "Women's National Chess Championship 2015"]
[Site "SLIIT,Malambe"]
[Date "2015.07.12"]
[Round "11"]
[Board "5"]
[White "Premanath, Dinushki"]
[Black "Askey, Roshell Nathasha"]
[Result "1-0"]
[WhiteElo "1833"]
[BlackElo "1606"]
[PlyCount "77"]
[EventDate "2015.07.04"]
[EventRounds "13"]
[EventCountry "SRI"]

1. e4 e6 2. d4 d5 3. Nc3 Bb4 4. exd5 exd5 5. Bd3 Be6 6. a3 Bxc3+ 7. bxc3 h6 8.
Qf3 Nf6 9. h3 c6 10. Ne2 Qe7 11. Rb1 Bc8 12. O-O O-O 13. Ng3 Kh8 14. c4 dxc4
15. Bxc4 Nh7 16. Bd2 a5 17. Bf4 Qf6 18. Ne4 Qxd4 19. Nd6 Be6 20. Rfd1 Qf6 21.
Rxb7 Bxc4 22. Nxc4 Ng5 23. Qg4 Qe6 24. Nb6 f5 25. Qh5 Ne4 26. Nxa8 Nc3 27. Bxb8
Nxd1 28. Qxd1 Qc8 29. Qb1 Re8 30. Qb2 Rg8 31. Be5 Qxa8 32. Bxg7+ Kh7 33. Bh8+
Kg6 34. Qf6+ Kh5 35. Qxf5+ Rg5 36. Qf3+ Kh4 37. g3+ Kxh3 38. g4+ Kh4 39. Qg3#
 1-0

[Event "Women's National Chess Championship 2015"]
[Site "SLIIT,Malambe"]
[Date "2015.07.12"]
[Round "11"]
[Board "6"]
[White "Methmani, Nelunika"]
[Black "Mendis, Dasuni Hansika"]
[Result "0-1"]
[WhiteElo "1768"]
[BlackElo "1697"]
[PlyCount "78"]
[EventDate "2015.07.04"]
[EventRounds "13"]
[EventCountry "SRI"]

1. Nf3 c5 2. e4 d6 3. Bb5+ Bd7 4. Bxd7+ Qxd7 5. O-O Nc6 6. d4 cxd4 7. Nxd4 Nf6
8. Nc3 g6 9. h3 Bg7 10. Nb3 O-O 11. Be3 Ne5 12. Qe2 Qc6 13. f3 Nc4 14. Nd4 Qc8
15. Nd1 Nxe3 16. Qxe3 Nd7 17. Rc1 Qc4 18. Nb3 Nc5 19. Kh1 Ne6 20. Qf2 Nf4 21.
Re1 a5 22. Qd2 Nh5 23. g4 Nf6 24. Ne3 Qc7 25. c4 a4 26. Nd4 Qb6 27. Nb5 Bh6 28.
h4 Bf4 29. Kg2 Rfc8 30. Qc3 Bxe3 31. Qxe3 Nd7 32. Qg5 Ne5 33. Qxe7 Nd3 34. Rf1
Nxc1 35. Rxc1 Rc6 36. h5 Qe3 37. Rh1 g5 38. Nxd6 Qd2+ 39. Kf1 Rxd6 0-1

[Event "Women's National Chess Championship 2015"]
[Site "SLIIT,Malambe"]
[Date "2015.07.12"]
[Round "11"]
[Board "7"]
[White "Udupitiya, U G S S S"]
[Black "Ranasinghe, S D"]
[Result "0-1"]
[WhiteElo "1647"]
[BlackElo "1783"]
[PlyCount "86"]
[EventDate "2015.07.04"]
[EventRounds "13"]
[EventCountry "SRI"]

1. e4 d5 2. exd5 Qxd5 3. Nc3 Qa5 4. d4 c6 5. Nf3 Nf6 6. Bd2 Bf5 7. Bc4 e6 8.
O-O Qc7 9. Re1 Be7 10. Ne5 Nbd7 11. Bf4 Bd6 12. Bg3 Nb6 13. Bb3 O-O-O 14. a4 a5
15. Ne2 Ne4 16. Nc4 Nxg3 17. Nxd6+ Qxd6 18. Nxg3 Bg6 19. Qd2 Kc7 20. Qxa5 Qxd4
21. c3 Qf6 22. Qc5 Rd2 23. a5 Nd7 24. Qe3 Rxb2 25. Bd1 Bd3 26. Be2 Bxe2 27.
Rxe2 Rxe2 28. Nxe2 Qe5 29. Qd3 Nc5 30. Qc4 Rd8 31. Nd4 Qd5 32. Qb4 e5 33. Qb6+
Kc8 34. Rb1 Rd7 35. Qa7 exd4 36. Qa8+ Kc7 37. cxd4 Qxd4 38. h3 Qa4 39. Kh2 Qf4+
40. Kg1 Rd2 41. Rf1 Qd6 42. Qa7 Rd1 43. Qb6+ Kb8 0-1

[Event "Women's National Chess Championship 2015"]
[Site "SLIIT,Malambe"]
[Date "2015.07.12"]
[Round "12"]
[Board "1"]
[White "Kodikara, K K M Sachintha"]
[Black "Ranasinghe, S D"]
[Result "0-1"]
[WhiteElo "1505"]
[BlackElo "1783"]
[PlyCount "94"]
[EventDate "2015.07.04"]
[EventRounds "13"]
[EventCountry "SRI"]

1. d4 d5 2. Nf3 e6 3. Bf4 Bd6 4. Bg3 Nf6 5. Nbd2 O-O 6. c3 c5 7. e3 Nc6 8. Bd3
b6 9. Bxd6 Qxd6 10. O-O Bb7 11. Re1 e5 12. dxe5 Nxe5 13. Nxe5 Qxe5 14. Nf3 Qh5
15. Be2 Qh6 16. Ne5 Rfe8 17. Ng4 Nxg4 18. Bxg4 Rad8 19. Bf3 Qg5 20. Qe2 Bc8 21.
g3 Bh3 22. Bg2 Bxg2 23. Kxg2 d4 24. cxd4 cxd4 25. e4 d3 26. Qf3 Qe5 27. Rad1
Qxb2 28. Rxd3 Rxd3 29. Qxd3 Qxa2 30. Kf1 a5 31. Qd5 Qxd5 32. exd5 Rxe1+ 33.
Kxe1 Kf8 34. Kd2 Ke7 35. Kc3 b5 36. f4 Kd6 37. Kd4 a4 38. f5 a3 39. Kc3 Kxd5
40. Kb3 b4 41. Kc2 a2 42. Kb2 b3 43. g4 h5 44. gxh5 Ke5 45. h4 Kxf5 46. h6 gxh6
47. h5 Ke4 0-1

[Event "Women's National Chess Championship 2015"]
[Site "SLIIT,Malambe"]
[Date "2015.07.12"]
[Round "12"]
[Board "2"]
[White "Mendis, Dasuni Hansika"]
[Black "Udupitiya, U G S S S"]
[Result "1-0"]
[WhiteElo "1697"]
[BlackElo "1647"]
[PlyCount "115"]
[EventDate "2015.07.04"]
[EventRounds "13"]
[EventCountry "SRI"]

1. e4 c5 2. Nc3 d6 3. f4 Nc6 4. Nf3 g6 5. Bb5 Bd7 6. O-O Bg7 7. Bc4 e6 8. d3
Nge7 9. Qe1 O-O 10. f5 exf5 11. Qh4 h5 12. Bg5 Be6 13. Nd5 Re8 14. exf5 Bxd5
15. Bxd5 Qd7 16. Bxf7+ Kxf7 17. fxg6+ Kxg6 18. Qe4+ Nf5 19. Nh4+ Kf7 20. Qxf5+
Qxf5 21. Nxf5 Be5 22. c3 Rf8 23. Ne3+ Kg6 24. h4 b5 25. Nd5 b4 26. Nf4+ Bxf4
27. Bxf4 Rad8 28. Bg5 Rxf1+ 29. Rxf1 Rd7 30. Rf6+ Kg7 31. Rh6 Ne5 32. d4 Nd3
33. dxc5 dxc5 34. cxb4 Nxb4 35. Rxh5 Nxa2 36. Be3 Nb4 37. Rxc5 a6 38. h5 Nd3
39. Rg5+ Kh7 40. b3 Nb4 41. h6 Nc6 42. Rc5 Ne7 43. g4 Nd5 44. Bc1 Nf6 45. g5
Ne4 46. Rc6 Nd2 47. Rxa6 Nf3+ 48. Kf2 Ne5 49. Ke2 Rb7 50. Rc6 Ng6 51. Rc3 Nf4+
52. Kf3 Nd5 53. Rd3 Ne7 54. Kg2 Ng6 55. Bd2 Ne5 56. Rd5 Re7 57. b4 Nd7 58. Rd6
 1-0

[Event "Women's National Chess Championship 2015"]
[Site "SLIIT,Malambe"]
[Date "2015.07.12"]
[Round "12"]
[Board "3"]
[White "Askey, Roshell Nathasha"]
[Black "Methmani, Nelunika"]
[Result "0-1"]
[WhiteElo "1606"]
[BlackElo "1768"]
[PlyCount "128"]
[EventDate "2015.07.04"]
[EventRounds "13"]
[EventCountry "SRI"]

1. e4 g6 2. d4 d6 3. Nc3 Bg7 4. h3 c6 5. Nf3 Nf6 6. Bd3 O-O 7. O-O Nbd7 8. Re1
Qc7 9. e5 dxe5 10. dxe5 Nd5 11. Nxd5 cxd5 12. Bf4 Nc5 13. Nd4 Qb6 14. Nb3 Nxd3
15. Qxd3 Rd8 16. c3 a5 17. Qd2 Bf5 18. Nd4 Be4 19. Kh1 a4 20. f3 Bf5 21. Nxf5
gxf5 22. Qc2 a3 23. bxa3 Rxa3 24. Qxf5 Rxc3 25. e6 f6 26. Qh5 Qc5 27. Bd2 Rc2
28. Be3 d4 29. Qf7+ Kh8 30. Rad1 Rc4 31. Bf2 Rf8 32. Bxd4 Rxd4 33. Rc1 Qxc1 34.
Rxc1 Rxf7 35. exf7 Bf8 36. Rc7 Rb4 37. Rc3 Kg7 38. Rb3 Rxb3 39. axb3 Kxf7 40.
Kg1 Ke6 41. Kf2 Kd5 42. Ke3 Bh6+ 43. Kd3 Bf4 44. Kc3 Kc5 45. h4 b5 46. g4 b4+
47. Kd3 Kd5 48. Kc2 Kd4 49. h5 h6 50. Kb2 Ke3 51. g5 fxg5 52. Kc2 Kxf3 53. Kd3
g4 54. Kc4 g3 55. Kxb4 g2 56. Kc4 g1=Q 57. b4 Ke4 58. b5 Qb6 59. Kb4 Kd4 60.
Kb3 Qxb5+ 61. Kc2 Qd3+ 62. Kb2 Kc4 63. Ka1 Be5+ 64. Ka2 Qb3# 0-1

[Event "Women's National Chess Championship 2015"]
[Site "SLIIT,Malambe"]
[Date "2015.07.12"]
[Round "12"]
[Board "4"]
[White "Gamage, Nethmi Nirasha"]
[Black "Premanath, Dinushki"]
[Result "1/2-1/2"]
[WhiteElo "1580"]
[BlackElo "1833"]
[PlyCount "90"]
[EventDate "2015.07.04"]
[EventRounds "13"]
[EventCountry "SRI"]

1. d4 d5 2. c4 e6 3. g3 c6 4. Nf3 Bd6 5. Bg2 f5 6. O-O Nf6 7. Nc3 O-O 8. cxd5
exd5 9. e3 b6 10. Rb1 Ne4 11. Ne5 Ba6 12. Re1 Bxe5 13. dxe5 Nd7 14. f4 Ndc5 15.
Bf1 Bxf1 16. Rxf1 Nxc3 17. bxc3 Ne4 18. Qc2 Qe7 19. Rd1 Rfd8 20. Rb3 Kh8 21.
Ba3 Qe6 22. Rbb1 Qg6 23. Rd3 Qe6 24. Rbd1 b5 25. c4 bxc4 26. Qxc4 dxc4 27.
Rxd8+ Rxd8 28. Rxd8+ Qg8 29. Rxg8+ Kxg8 30. Kf1 Kf7 31. Ke1 Ke6 32. Kd1 Kd5 33.
Kc2 g6 34. Bb2 Nf2 35. Bc1 Ng4 36. h4 Nf2 37. Bd2 Ne4 38. Be1 a6 39. Kb2 Nc5
40. Bb4 Ne4 41. Be1 Kc5 42. a4 Kd5 43. a5 Nc5 44. Bb4 Ne4 45. Be1 Nc5 1/2-1/2

[Event "Women's National Chess Championship 2015"]
[Site "SLIIT,Malambe"]
[Date "2015.07.12"]
[Round "12"]
[Board "5"]
[White "Peiris, H Pevinya"]
[Black "Wickramasinghe, Dilhara Ishini"]
[Result "1/2-1/2"]
[WhiteElo "1607"]
[BlackElo "1674"]
[PlyCount "36"]
[EventDate "2015.07.04"]
[EventRounds "13"]
[EventCountry "SRI"]

1. e4 c5 2. Nf3 d6 3. c3 Nf6 4. Bc4 Nc6 5. d3 e6 6. O-O Be7 7. Bb3 e5 8. h3 h6
9. d4 Qc7 10. Na3 a6 11. Bd5 Na7 12. dxe5 dxe5 13. Nc4 Nd7 14. Ne3 Nf6 15. Nc4
Nd7 16. Ne3 Nf6 17. Nc4 Nd7 18. Ne3 Nf6 1/2-1/2

[Event "Women's National Chess Championship 2015"]
[Site "SLIIT,Malambe"]
[Date "2015.07.12"]
[Round "12"]
[Board "6"]
[White "Rajapaksa, Miyuni Kavinya"]
[Black "De Silva, Chamindra"]
[Result "1-0"]
[WhiteElo "1591"]
[BlackElo "1544"]
[PlyCount "107"]
[EventDate "2015.07.04"]
[EventRounds "13"]
[EventCountry "SRI"]

1. e4 c5 2. Nf3 d6 3. d4 cxd4 4. Nxd4 Nf6 5. Nc3 a6 6. Be3 e5 7. Nf3 Be6 8. Ng5
Qc8 9. Na4 Nbd7 10. Nxe6 fxe6 11. Nc3 Qc6 12. Be2 d5 13. exd5 exd5 14. Bf3 Bb4
15. Bd2 Bxc3 16. Bxc3 O-O 17. O-O Rac8 18. Rc1 b6 19. Bb4 Rfe8 20. c4 e4 21.
Be2 a5 22. Ba3 Kh8 23. cxd5 Qxd5 24. Qa4 Rxc1 25. Rxc1 Qd2 26. Qd1 e3 27. f3
Nd5 28. Qxd2 exd2 29. Rc2 Nf4 30. Bd1 Re1+ 31. Kf2 Nd3+ 32. Kg3 Nf6 33. Rxd2
Re3 34. Rc2 Ne4+ 35. Kh4 g5+ 36. Kh5 Nf4+ 37. Kh6 Nd6 38. Bxd6 Re6+ 39. Kxg5
Rxd6 40. Kxf4 Rxd1 41. g4 Rd6 42. h4 Kg7 43. Ke5 Rf6 44. Rc7+ Rf7 45. Rxf7+
Kxf7 46. f4 Ke7 47. g5 Kf7 48. f5 Kg7 49. Ke6 b5 50. Ke7 b4 51. h5 b3 52. f6+
Kg8 53. f7+ Kg7 54. f8=Q# 1-0

[Event "Women's National Chess Championship 2015"]
[Site "SLIIT,Malambe"]
[Date "2015.07.12"]
[Round "12"]
[Board "7"]
[White "Saumy, Zainab"]
[Black "Abeysinghe, H M H Janandani"]
[Result "1-0"]
[WhiteElo "1570"]
[BlackElo "1519"]
[PlyCount "155"]
[EventDate "2015.07.04"]
[EventRounds "13"]
[EventCountry "SRI"]

1. e4 e5 2. Nf3 Nc6 3. Bb5 a6 4. Ba4 b5 5. Bb3 Be7 6. O-O Nf6 7. Re1 O-O 8. a4
b4 9. c3 d5 10. exd5 Nxd5 11. Nxe5 Nxe5 12. Rxe5 c6 13. d4 Bd6 14. Re1 Qh4 15.
g3 Qh3 16. Qd3 Bf5 17. Qf1 Qxf1+ 18. Kxf1 Bxb1 19. Rxb1 bxc3 20. Bxd5 c2 21.
Bxf7+ Rxf7 22. Ra1 Re7 23. Rxe7 Bxe7 24. Bf4 Rd8 25. Rc1 Rxd4 26. Rxc2 Rxa4 27.
Rxc6 Bf6 28. Rc8+ Kf7 29. Rb8 Ra1+ 30. Kg2 Rb1 31. b4 Be7 32. Bd2 a5 33. b5 a4
34. b6 a3 35. b7 a2 36. Ra8 Rxb7 37. Rxa2 Bf6 38. Be3 Rb2 39. Ra7+ Ke8 40. h4
Rb5 41. g4 h6 42. Kh3 Kf8 43. Ra6 Kf7 44. Ra7+ Kf8 45. Rc7 Kg8 46. Rd7 Kf8 47.
Rd3 Kf7 48. f4 Be7 49. g5 h5 50. Kg3 g6 51. Rc3 Bd6 52. Kf3 Be7 53. Bd4 Rd5 54.
Ke4 Rf5 55. Rc7 Ke6 56. Be5 Bf8 57. Rc6+ Kf7 58. Bd6 Bg7 59. Rc7+ Kg8 60. Be5
Bf8 61. Kd5 Rf7 62. Rc8 Rf5 63. Ke6 Kh7 64. Bf6 Kg8 65. Be7 Rxf4 66. Rxf8+ Rxf8
67. Bxf8 Kxf8 68. Kf6 Kg8 69. Kxg6 Kh8 70. Kxh5 Kg7 71. g6 Kg8 72. Kg5 Kg7 73.
h5 Kg8 74. Kf6 Kf8 75. g7+ Kg8 76. h6 Kh7 77. Kf7 Kxh6 78. g8=Q 1-0

[Event "Women's National Chess Championship 2015"]
[Site "SLIIT,Malambe"]
[Date "2015.07.13"]
[Round "13"]
[Board "1"]
[White "Abeysinghe, H M H Janandani"]
[Black "Kodikara, K K M Sachintha"]
[Result "1/2-1/2"]
[WhiteElo "1519"]
[BlackElo "1505"]
[PlyCount "54"]
[EventDate "2015.07.04"]
[EventRounds "13"]
[EventCountry "SRI"]

1. d4 d5 2. c4 c6 3. Nc3 Nf6 4. e3 a6 5. a4 Bf5 6. c5 a5 7. Bd3 Bxd3 8. Qxd3
Nbd7 9. Nf3 e6 10. O-O Be7 11. Bd2 O-O 12. Rfb1 Qc7 13. e4 dxe4 14. Nxe4 Nxe4
15. Qxe4 Nf6 16. Qc2 Nd5 17. h3 h6 18. b4 axb4 19. Bxb4 Bf6 20. a5 Qd7 21. Qe4
Qc7 22. Qg4 Kh8 23. Qg3 Qd8 24. Ne5 Qc7 25. Nf3 Qd8 26. Ne5 Qc7 27. Nf3 Qd8
 1/2-1/2

[Event "Women's National Chess Championship 2015"]
[Site "SLIIT,Malambe"]
[Date "2015.07.13"]
[Round "13"]
[Board "2"]
[White "De Silva, Chamindra"]
[Black "Saumy, Zainab"]
[Result "0-1"]
[WhiteElo "1544"]
[BlackElo "1570"]
[PlyCount "116"]
[EventDate "2015.07.04"]
[EventRounds "13"]
[EventCountry "SRI"]

1. e4 c5 2. Nf3 d6 3. d4 cxd4 4. Nxd4 Nf6 5. Nc3 a6 6. Bg5 e6 7. f4 Be7 8. Qf3
Qc7 9. O-O-O O-O 10. Rg1 b5 11. g4 Bb7 12. Bxf6 Bxf6 13. g5 Bxd4 14. Rxd4 Nc6
15. Rd2 Rac8 16. f5 Ne5 17. Qg3 d5 18. Kb1 b4 19. Nd1 dxe4 20. Rf2 Nf3 21. Qxc7
Rxc7 22. Rg4 exf5 23. Rg3 Rd8 24. Be2 Nd4 25. c3 Nxe2 26. Rxe2 Rxd1+ 27. Kc2
Rd3 28. Rxd3 exd3+ 29. Kxd3 Be4+ 30. Kd2 bxc3+ 31. bxc3 Rb7 32. Ke3 Rd7 33. Kf2
Rd3 34. c4 Rf3+ 35. Ke1 Rc3 36. Kf2 Rxc4 37. Kg3 g6 38. h4 Rc2 39. Re1 Rxa2 40.
Kf4 Ra5 41. Rc1 Rd5 42. Rc8+ Kg7 43. Rc1 Rd8 44. Ra1 Ra8 45. Ra3 a5 46. Ke5 h6
47. Ra1 a4 48. Ra3 Ra5+ 49. Kf4 f6 50. Rc3 fxg5+ 51. hxg5 hxg5+ 52. Kxg5 Ra7
53. Rc1 a3 54. Ra1 a2 55. Kf4 Bd5 56. Ke3 Bf7 57. Kd4 Rb7 58. Kc3 Rb1 0-1

[Event "Women's National Chess Championship 2015"]
[Site "SLIIT,Malambe"]
[Date "2015.07.13"]
[Round "13"]
[Board "3"]
[White "Wickramasinghe, Dilhara Ishini"]
[Black "Rajapaksa, Miyuni Kavinya"]
[Result "1-0"]
[WhiteElo "1674"]
[BlackElo "1591"]
[PlyCount "69"]
[EventDate "2015.07.04"]
[EventRounds "13"]
[EventCountry "SRI"]

1. d4 d5 2. c4 dxc4 3. e3 e5 4. Bxc4 exd4 5. exd4 Nf6 6. Nf3 Be7 7. O-O O-O 8.
h3 Nbd7 9. Nc3 Nb6 10. Bb3 c6 11. Re1 h6 12. Qd3 Re8 13. Bxh6 Nbd5 14. Nxd5
Nxd5 15. Bd2 g6 16. Ne5 Bf5 17. Qf3 Kg7 18. Bh6+ Kg8 19. g4 Be6 20. Bd2 Kg7 21.
Rad1 Rh8 22. Nd3 Bd6 23. Nc5 Bxc5 24. dxc5 Rh7 25. Bc3+ Kg8 26. Bc2 Qh4 27.
Bxg6 fxg6 28. Rxe6 Rf7 29. Rxg6+ Kf8 30. Bg7+ Ke8 31. Re6+ Ne7 32. Bf6 Qh7 33.
Rxe7+ Rxe7 34. Bxe7 Qxe7 35. Qd3 1-0

[Event "Women's National Chess Championship 2015"]
[Site "SLIIT,Malambe"]
[Date "2015.07.13"]
[Round "13"]
[Board "4"]
[White "Premanath, Dinushki"]
[Black "Peiris, H Pevinya"]
[Result "1-0"]
[WhiteElo "1833"]
[BlackElo "1607"]
[PlyCount "35"]
[EventDate "2015.07.04"]
[EventRounds "13"]
[EventCountry "SRI"]

1. e4 d5 2. exd5 Qxd5 3. Nc3 Qd6 4. d4 a6 5. Nf3 Nc6 6. g3 Nf6 7. Bg2 Bg4 8. d5
Nb4 9. Bf4 Qd7 10. Qd2 Bf5 11. O-O O-O-O 12. Ne5 Qe8 13. Qd4 Kb8 14. Qxb4 e6
15. Qb3 exd5 16. Nxd5 Be6 17. Nxf6 Bxb3 18. Nxe8 1-0

[Event "Women's National Chess Championship 2015"]
[Site "SLIIT,Malambe"]
[Date "2015.07.13"]
[Round "13"]
[Board "5"]
[White "Methmani, Nelunika"]
[Black "Gamage, Nethmi Nirasha"]
[Result "1-0"]
[WhiteElo "1768"]
[BlackElo "1580"]
[PlyCount "73"]
[EventDate "2015.07.04"]
[EventRounds "13"]
[EventCountry "SRI"]

1. d4 Nf6 2. c4 e6 3. Nf3 d5 4. e3 c6 5. b3 Nbd7 6. Bd3 Bd6 7. Bb2 b6 8. Nbd2
O-O 9. Ne5 Bb7 10. O-O c5 11. f4 Rc8 12. cxd5 exd5 13. Rc1 Rc7 14. g4 Ne4 15.
g5 f6 16. Nxe4 dxe4 17. Bc4+ Kh8 18. Ng6+ hxg6 19. Qg4 Rf7 20. Bxf7 Nf8 21.
Qh4+ Nh7 22. Bxg6 Qg8 23. dxc5 Bxc5 24. Rxc5 bxc5 25. gxf6 gxf6 26. Bxf6+ Rg7
27. Bxg7+ Qxg7 28. Qxh7+ Qxh7 29. Bxh7 Kxh7 30. Rc1 Kg6 31. Rxc5 a6 32. Rg5+
Kf6 33. h4 Bc8 34. h5 Bf5 35. h6 Bg6 36. Ra5 Bh7 37. Rxa6+ 1-0

[Event "Women's National Chess Championship 2015"]
[Site "SLIIT,Malambe"]
[Date "2015.07.13"]
[Round "13"]
[Board "6"]
[White "Udupitiya, U G S S S"]
[Black "Askey, Roshell Nathasha"]
[Result "1-0"]
[WhiteElo "1647"]
[BlackElo "1606"]
[PlyCount "113"]
[EventDate "2015.07.04"]
[EventRounds "13"]
[EventCountry "SRI"]

1. e4 e6 2. d4 d5 3. Nc3 Bb4 4. exd5 exd5 5. Bd3 c5 6. Qh5 Qe7+ 7. Kf1 Nf6 8.
Qh4 Bxc3 9. bxc3 c4 10. Be2 Bf5 11. a4 Bxc2 12. Ba3 Qc7 13. Re1 Kd8 14. Qg3 Bg6
15. Nf3 h6 16. Qh4 Bh5 17. Ne5 g5 18. Qh3 Bxe2+ 19. Rxe2 Ne4 20. Qf5 Qb6 21.
Nxf7+ Kc7 22. Qe5+ Kc6 23. Qe6+ Kc7 24. Qxb6+ axb6 25. Nxh8 Rxa4 26. Bb2 Nd7
27. f3 Nef6 28. Nf7 b5 29. Kf2 b4 30. cxb4 Rxb4 31. Nxh6 Nb6 32. Bc3 Rb3 33.
Ba5 Rd3 34. Rb1 Nfd7 35. Re6 Rb3 36. Rxb3 cxb3 37. Re1 Kd6 38. Rb1 Nc4 39. Bb4+
Kc6 40. Rxb3 b5 41. Nf5 Nf6 42. Be7 Nh7 43. h4 gxh4 44. Nxh4 Kd7 45. Nf5 Kc6
46. g4 Nd2 47. Rb4 Kd7 48. Rxb5 Ke6 49. Rb6+ Kf7 50. g5 Nc4 51. g6+ Ke8 52.
Rb8+ Kd7 53. gxh7 Ne3 54. h8=Q Nxf5 55. Qe8+ Ke6 56. Bg5+ Kd6 57. Bf4# 1-0

[Event "Women's National Chess Championship 2015"]
[Site "SLIIT,Malambe"]
[Date "2015.07.13"]
[Round "13"]
[Board "7"]
[White "Ranasinghe, S D"]
[Black "Mendis, Dasuni Hansika"]
[Result "1/2-1/2"]
[WhiteElo "1783"]
[BlackElo "1697"]
[PlyCount "61"]
[EventDate "2015.07.04"]
[EventRounds "13"]
[EventCountry "SRI"]

1. Nf3 c5 2. c4 g6 3. g3 Bg7 4. Bg2 Nc6 5. O-O d6 6. Nc3 e5 7. d3 Nge7 8. Bd2
O-O 9. Qc1 Rb8 10. a3 a5 11. Ng5 Nd4 12. Qd1 f6 13. Nf3 Ndc6 14. Ne1 Be6 15. e4
Nd4 16. Rb1 b5 17. cxb5 Nxb5 18. Nxb5 Rxb5 19. b4 axb4 20. axb4 Qc7 21. Nc2
cxb4 22. Rxb4 Rxb4 23. Bxb4 Nc6 24. Bd2 Rb8 25. Qc1 Rc8 26. Qa3 Bf8 27. Qa4 Rb8
28. Bc3 Bg7 29. Ne3 Bb3 30. Qa1 Be6 31. Nc4 1/2-1/2